|
|
|
|
| LEADER |
00601nam a2200193 a 4500 |
| 001 |
000401799 |
| 003 |
CZ BrMZK |
| 005 |
20050110103051.0 |
| 007 |
ta |
| 008 |
980105s1986 xo f slo d |
| 040 |
|
|
|a BOA001
|b cze
|
| 080 |
|
|
|a 262.5:327.36(082)
|2 MRF
|
| 100 |
1 |
|
|a Michalko, Ján,
|d 1912-1990
|7 jx20040726051
|4 com
|
| 245 |
1 |
0 |
|a Mierové poslanie /
|c Zost. Ján Michalko
|
| 260 |
|
|
|a Bratislava :
|b Cirkevné nakladateľstvo,
|c 1986
|
| 300 |
|
|
|a 106 s.
|
| 910 |
|
|
|a BOA001
|b 2-0913.218
|
| 990 |
|
|
|a BK
|
| 996 |
7 |
|
|b 2619352306
|c 2-0913.218
|l MZK
|r Sklad / do 1 hodiny
|n 0
|w 000401799
|u 000010
|a 1
|e BOA001
|j MZK50
|s A
|